|
|
|
|
| LEADER |
01718nam a2200301 a 4500 |
| 001 |
GR-MES17187 |
| 008 |
150528s2015 gr gz 000 0 gre d |
| 040 |
|
|
|a GrPaTEI
|b gre
|c GR-PaULI
|
| 040 |
|
|
|a GrPaTEI
|b gre
|c GR-PaULI
|
| 100 |
1 |
|
|a Παχυδάκη, Ελένη Αντώνιος
|
| 245 |
1 |
0 |
|a Απορρύθμιση στις εργασιακές σχέσεις και ευελιξία της εργασίας /
|c Σπουδαστές:Ελένη Αντωνίου Παχυδάκη,Γεώργιος Σάββας Μαντάς,Γαβριήλ Δημήτριος Φούρκας ; Επιβλέπων:Νίκη Γεωργιάδου.
|
| 260 |
|
|
|a Μεσολόγγι :
|b ΤΕΙ Δυτικής Ελλάδας,
|c 2015
|
| 300 |
|
|
|a 128σ. :
|b εικ.,σχημ.
|
| 504 |
|
|
|a βιβλιογραφία:σ.112
|
| 650 |
|
4 |
|a Εργασιακές Σχέσεις
|
| 650 |
|
4 |
|a Εργατικό δίκαιο
|x Κοινωνική πολιτική
|
| 650 |
|
4 |
|a Πτυχιακή εργασία
|y 2015
|
| 650 |
|
4 |
|a Συνδικαλιστικά δικαιώματα
|
| 700 |
1 |
|
|a Γεωργιάδου, Νική
|
| 700 |
1 |
|
|a Μαντάς, Γεώργιος Σάββα
|
| 700 |
1 |
|
|a Φούρκας, Γαβριήλ Δημήτριος
|
| 710 |
0 |
|
|a ΤΕΙ Δυτικής Ελλάδας
|
| 710 |
2 |
|
|a Σ.Δ.Ο. Τμήμα Λογιστικής και Χρηματοοικονομικής
|
| 856 |
4 |
0 |
|u https://nereus.library.upatras.gr/formermes//ptyxiakes/sdo/sdo_log/2011-2015/585pe.pdf
|
| 942 |
|
|
|2 ddc
|
| 952 |
|
|
|0 0
|1 0
|2 ddc
|4 0
|7 0
|9 275280
|a MSLG
|b MSLG
|c BSC
|d 2021-01-17
|e 24
|f 0
|g 0.00
|l 0
|p 24200585
|r 2021-01-17 00:00:00
|t 1
|v 2021.00
|w 2021-01-17
|y BK15
|x 20150528 0 K.G. 0
|x GrPaTEI
|
| 971 |
|
|
|a .b25832360
|b 15-04-20
|c 13-09-16
|
| 999 |
|
|
|c 159464
|d 159464
|